Game of Thrones - The free cities of Essos - Statistics

General Stats
  • This quiz has been taken 470 times
  • The average score is 6 of 9
Answer Stats
Hint Answer % Correct
Braavos
92%
Pentos
86%
Volantis
77%
Myr
74%
Lys
73%
Tyrosh
53%
Norvos
44%
Lorath
43%
Qohor
43%
No matching quizzes found
Score Distribution
Percent of People with Each Score
Percentile by Number Answered
Your Score History
You have not taken this quiz